000 00633nam a2200205 4500
001 116349
003 ES-MaACL
005 20250808062534.0
007 t|
008 061121s1958 sp r ||||1| spa d
100 1 _aPatterson, Stella.
_989611
245 1 1 _a¡No sea usted vieja!
_b: las aventuras de una joven de 80 años /
_cStella Patterson ; versión española de Fernando Verano.
260 _aSan Sebastián :
_bDinor,
_c1958.
300 _a333 p. ;
_c18 cm.
490 1 _aPrisma
700 1 _aVerano, Fernando.
_9113977
830 0 0 _aPrisma
_9180749
852 _aES-MaACL
_jC-15157
_bR.43138
999 _c116349
_d116349